00621nam a2200193 a 450000100100000000500170001000800410002702000150006804000250008308200180010810000300012624500480015626000530020430000260025749000420028365000220032565000360034783000440038300002317720200930022034.0101129s1993 sp r 000 f spa d a8401429110 aDO-SdBNPbspacBNPHU a863.64bM715d1 aMoix, Terenci,d1942-200310aEl día que murio Marilyn /cTerenci Moix. aBarcelona, (España) :bPlaza & Janés,c1993. a472, [2] p. ;c18 cm.1 aBiblioteca de autoraAve fenixv188/1 4aNovela española 4aLiteratura españolaySIGLO XX 0aBiblioteca de autor ;pAve fenixv188/1